Monthly statistics of building materials and components (Record no. 111923)
[ view plain ]
| 000 -LEADER | |
|---|---|
| fixed length control field | 01317cad a22002535a 4500 |
| 001 - CONTROL NUMBER | |
| control field | L152217 |
| 008 - FIXED-LENGTH DATA ELEMENTS--GENERAL INFORMATION | |
| fixed length control field | 120720s2012 000 0 eng u |
| 022 1# - INTERNATIONAL STANDARD SERIAL NUMBER | |
| International Standard Serial Number | 0264-6188 |
| 035 ## - SYSTEM CONTROL NUMBER | |
| System control number | (Sirsi) u152217 |
| 041 0# - LANGUAGE CODE | |
| Language code of text/sound track or separate title | eng |
| 050 04 - LIBRARY OF CONGRESS CALL NUMBER | |
| Classification number | 691.0212 $2 18 |
| 110 1# - MAIN ENTRY--CORPORATE NAME | |
| Corporate name or jurisdiction name as entry element | United Kingdom |
| Subordinate unit | Department for Business, Innovation and Skills |
| 9 (RLIN) | 5760 |
| 245 00 - TITLE STATEMENT | |
| Title | Monthly statistics of building materials and components |
| Medium | [electronic resource] |
| 260 ## - PUBLICATION, DISTRIBUTION, ETC. | |
| Place of publication, distribution, etc. | London |
| Name of publisher, distributor, etc. | BIS |
| Date of publication, distribution, etc. | 2012 |
| 520 ## - SUMMARY, ETC. | |
| Summary, etc. | Tables of construction material price indices, materials annual averages, production, deliveries and stocks for materials, comparison of imports and exports, value of overseas trade in selected materials and components for constructional use. June 2012, No. 448 |
| 590 ## - LOCAL NOTE (RLIN) | |
| Local note | KA NTK |
| 651 #4 - SUBJECT ADDED ENTRY--GEOGRAPHIC NAME | |
| Geographic name | United Kingdom |
| Chronological subdivision | |
| 690 ## - LOCAL SUBJECT ADDED ENTRY--TOPICAL TERM (OCLC, RLIN) | |
| Topical term or geographic name as entry element | Construction management |
| 9 (RLIN) | 6230 |
| 690 ## - LOCAL SUBJECT ADDED ENTRY--TOPICAL TERM (OCLC, RLIN) | |
| Topical term or geographic name as entry element | Cost management |
| 9 (RLIN) | 6233 |
| 710 1# - ADDED ENTRY--CORPORATE NAME | |
| Corporate name or jurisdiction name as entry element | United Kingdom |
| Subordinate unit | Office of National Statistics |
| 9 (RLIN) | 2035 |
| 856 40 - ELECTRONIC LOCATION AND ACCESS | |
| Uniform Resource Identifier | <a href="https://www.bis.gov.uk/assets/biscore/statistics/docs/c/12-313f-construction-building-materials-bulletin-june-2012.pdf">https://www.bis.gov.uk/assets/biscore/statistics/docs/c/12-313f-construction-building-materials-bulletin-june-2012.pdf</a> |
| Public note | View the latest report free of charge at stats.bis.gov.uk |
| 856 40 - ELECTRONIC LOCATION AND ACCESS | |
| Uniform Resource Identifier | <a href="https://www.bis.gov.uk/analysis/statistics/construction-statistics/building-materials">https://www.bis.gov.uk/analysis/statistics/construction-statistics/building-materials</a> |
| Public note | View all the reports free of charge at http://stats.bis.gov.uk |
| 942 ## - ADDED ENTRY ELEMENTS (KOHA) | |
| Suppress in OPAC | 0 |
| Withdrawn status | Lost status | Source of classification or shelving scheme | Damaged status | Not for loan | Home library | Current library | Shelving location | Date acquired | Total Checkouts | Full call number | Barcode | Date last seen | Copy number | Price effective from | Koha item type |
|---|---|---|---|---|---|---|---|---|---|---|---|---|---|---|---|
| Dewey Decimal Classification | Virtual | Virtual | Online | 11/02/2011 | ONLINE PUBLICATION | 152217-2001 | 06/08/2019 | 1 | 06/08/2019 | Book |